000 00951cam a2200277 a 4500
001 2479236
003 ARRUPE
005 20150923080929.0
008 900919s1988 po a b 000 0bpor
010 _a 90196531
040 _aDLC
_cDLC
_dDLC
043 _ae-po---
050 0 0 _aL PQ9261.E3
_bZ5757
082 0 0 _a869.3
_aB
_220
100 1 _aBerrini, Beatriz.
_919990
245 1 0 _aEça de Queiroz :
_bpalavra e imagem /
_cBeatriz Berrini.
260 _a[Lisbon] :
_bEdições INAPA,
_cc1988.
300 _a367 p. :
_bill. (some col.) ;
_c32 cm.
504 _aIncludes bibliographical references (p. 360-361).
600 1 0 _aQueirós, Eça de,
_919991
600 1 0 _aQueirós, Eça de,
_xPortraits.
_919992
650 0 _aAuthors, Portuguese
_y19th century
_xBiography.
_919993
906 _a7
_bcbc
_corignew
_d3
_encip
_f19
_gy-gencatlg
942 _2lcc
_cMONOGRAPH
999 _c123437
_d123437